School Work : (Record no. 6435)

MARC details
000 -LEADER
fixed length control field 01013cam a2200301 a 4500
001 - CONTROL NUMBER
control field 2069139
003 - CONTROL NUMBER IDENTIFIER
control field OSt
005 - DATE AND TIME OF LATEST TRANSACTION
control field 20240626102407.0
008 - FIXED-LENGTH DATA ELEMENTS--GENERAL INFORMATION
fixed length control field 941013s1995 nyua b 001 0 eng
010 ## - LIBRARY OF CONGRESS CONTROL NUMBER
LC control number 94023659
020 ## - INTERNATIONAL STANDARD BOOK NUMBER
International Standard Book Number 080773408X
020 ## - INTERNATIONAL STANDARD BOOK NUMBER
International Standard Book Number 0807734071
040 ## - CATALOGING SOURCE
Original cataloging agency DLC
Transcribing agency DLC
Modifying agency DLC
043 ## - GEOGRAPHIC AREA CODE
Geographic area code n-us---
050 00 - LIBRARY OF CONGRESS CALL NUMBER
Item number .B55 1995
082 00 - DEWEY DECIMAL CLASSIFICATION NUMBER
Classification number 371.1 BIK 1995
100 1# - MAIN ENTRY--PERSONAL NAME
Personal name Biklen, Sari Knopp; Maxine, Greene
9 (RLIN) 13208
245 10 - TITLE STATEMENT
Title School Work :
Remainder of title gender and the cultural construction of teaching
260 ## - PUBLICATION, DISTRIBUTION, ETC. (IMPRINT)
Place of publication, distribution, etc. New York :
Name of publisher, distributor, etc. Teachers College Press,
Date of publication, distribution, etc. 1995.
300 ## - PHYSICAL DESCRIPTION
Extent x, 207 p. :
Other physical details ill. ;
Dimensions 24 cm.
440 #0 - SERIES STATEMENT/ADDED ENTRY--TITLE
Title Series on school reform
9 (RLIN) 13209
504 ## - BIBLIOGRAPHY, ETC. NOTE
Bibliography, etc Includes bibliographical references (p. 189-199) and index.
650 #0 - SUBJECT ADDED ENTRY--TOPICAL TERM
Topical term or geographic name as entry element Learning & Teaching
9 (RLIN) 13210
650 #0 - SUBJECT ADDED ENTRY--TOPICAL TERM
Topical term or geographic name as entry element Educational sociology
9 (RLIN) 13212
906 ## - LOCAL DATA ELEMENT F, LDF (RLIN)
a 7
b cbc
c orignew
d 1
e ocip
f 19
g y-gencatlg
942 ## - ADDED ENTRY ELEMENTS (KOHA)
Source of classification or shelving scheme Dewey Decimal Classification
Koha item type Open Shelf
Holdings
Withdrawn status Lost status Source of classification or shelving scheme Damaged status Not for loan Home library Current library Date acquired Source of acquisition Inventory number Total Checkouts Full call number Barcode Date last seen Koha item type
    Dewey Decimal Classification     MUST Main Library MUST Main Library 21/01/2020 Purchase 05/23391   371.1 BIK 1995 2020-0051 21/01/2020 Open Shelf
    Dewey Decimal Classification     MUST Main Library MUST Main Library 28/01/2020 Donation 04/21635   371.1 BIK 1995 2020-0159 28/01/2020 Open Shelf
    Dewey Decimal Classification     MUST Main Library MUST Main Library 03/02/2020 Donation 05/23390   371.1 BIK 1995 2020-0279 03/02/2020 Open Shelf
    Dewey Decimal Classification     MUST Main Library MUST Main Library 25/06/2024 Purchase 05/23389   371.1 BIK 1995 2024-21207 25/06/2024 Open Shelf
    Dewey Decimal Classification     MUST Main Library MUST Main Library 25/06/2024 Purchase 04/21634   371.1 BIK 1995 2024-21209 25/06/2024 Open Shelf
    Dewey Decimal Classification     MUST Main Library MUST Main Library 26/06/2024 Purchase 04/21633   371.1 BIK 1995 2024-21364 26/06/2024 Open Shelf